| 000 | 00463nam a22001457a 4500 | ||
|---|---|---|---|
| 008 | 230410b |||||||| |||| 00| 0 eng d | ||
| 040 |
_aNational Science Library _cNational Science Library |
||
| 080 |
_a338.924:502(082.2) _b[L3] |
||
| 245 |
_aOne world only: _bIndustrialisation and environment |
||
| 260 |
_aTokyo: _bFriedrich Ebert Stiftung, _c1973 |
||
| 300 | _a363p. | ||
| 650 | _aIndustrialisation | ||
| 653 | _aIndustrialised countries | ||
| 942 |
_2udc _cBK |
||
| 999 |
_c19715 _d19715 |
||